Landmarks Zoomed Out Quiz Stats

Quiz Updated Dec 18, 2017

Challenge
Share
Tweet
Score 0/20 Timer 05:00
2 Plays Today
% Correct
Statue of Liberty
99.3%
Eiffel Tower
98.3%
Great Pyramid of Giza
91%
Sydney Opera House
85.1%
Mount Rushmore
84.7%
Acropolis
84.4%
Mount Fuji
83.8%
Stonehenge
81.8%
Taj Mahal
80.8%
Niagara Falls
78%
% Correct
Christ the Redeemer
64.1%
Saint Basil's Cathedral
62.6%
The Arc de Triomphe de l'√Čtoile
59.5%
Forbidden City
57.4%
Brandenburg Gate
53.5%
Burj Khalifa
52.6%
Sagrada Familia
40.6%
Angkor Wat
34.2%
Dome of the Rock
34%
Atomium
22.2%

You're not logged in!

Compare scores with friends on all Sporcle quizzes.
Join for Free
OR
Log In

You Might Also Like...

Show Comments

Extras

Top Quizzes Today


Score Distribution

Your Account Isn't Verified!

In order to create a playlist on Sporcle, you need to verify the email address you used during registration. Go to your Sporcle Settings to finish the process.

Report this User

Report this user for behavior that violates our Community Guidelines.

Details: